Poemas / (Record no. 162383)

MARC details
000 -LEADER
campo de control de longitud fija 00767nam a2200241 i 4500
001 - NÚMERO DE CONTROL
campo de control 162383
003 - IDENTIFICADOR DE NÚMERO DE CONTROL
campo de control ES-MaACL
005 - FECHA Y HORA DE LA ÚLTIMA TRANSACCIÓN
campo de control 20251005063128.0
008 - DATOS DE LONGITUD FIJA--INFORMACIÓN GENERAL
campo de control de longitud fija 150113s1992 sp |||| | spa d
020 ## - NÚMERO INTERNACIONAL ESTÁNDAR DEL LIBRO
Número Internacional Estándar del Libro 84-8062-010-2
080 ## - NÚMERO DE LA CLASIFICACIÓN DECIMAL UNIVERSAL
Número de la Clasificación Decimal Universal 820-14"19"
100 1# - ENTRADA PRINCIPAL--NOMBRE DE PERSONA
Nombre de persona Brooke, Rupert,
Fechas asociadas al nombre 1887-1915
9 (RLIN) 156111
245 10 - MENCIÓN DEL TÍTULO
Título Poemas /
Mención de responsabilidad, etc. Rupert Brooke ; versión y prólogo de José Luis Cano.
250 ## - MENCION DE EDICION
Mención de edición [1ª ed.].
260 ## - PUBLICACIÓN, DISTRIBUCIÓN, ETC.
Lugar de publicación, distribución, etc. Madrid :
Nombre del editor, distribuidor, etc. Agencia Española de la Propiedad Intelectual,
Fecha de publicación, distribución, etc. 1992.
300 ## - DESCRIPCIÓN FÍSICA
Extensión 88 p. ;
Dimensiones 24 cm.
490 1# - MENCIÓN DE SERIE
Mención de serie Signos
594 ## - Nota al título y mención de responsabilidad
Nota al título y mención de responsabilidad Texto en español e inglés.
700 1# - ENTRADA AGREGADA--NOMBRE PERSONAL
Nombre de persona Cano, José Luis,
Fechas asociadas al nombre 1912-1999
9 (RLIN) 34532
830 0# - PUNTO DE ACCESO ADICIONAL DE SERIE-TÍTULO UNIFORME
Título uniforme Signos
9 (RLIN) 180410
852 ## - LOCALIZACIÓN
Ubicación ES-MaACL
Número de control de estantería L-30087
Nota libre .- Donat. Miguel A. Velasco
Holdings
Estatus retirado Estado de pérdida Estado de daño No para préstamo Biblioteca de origen Biblioteca actual Ubicación en estantería Fecha de adquisición Fuente de adquisición Total de préstamos Signatura topográfica completa Código de barras Visto por última vez Precio de reemplazo Tipo de ítem Koha
        Biblioteca del Ateneo de Madrid Biblioteca del Ateneo de Madrid Depósito 2 17/01/2008     L-30087 1170118 23/02/2023 23/02/2023 Libro impreso